| 000 | 00487cam a2200181ua 4500 | ||
|---|---|---|---|
| 001 | 11104 | ||
| 005 | 20260515114715.0 | ||
| 008 | 190808n ii |||gr||||Z||||||hin | ||
| 040 | _cMAIN | ||
| 041 | _ahin | ||
| 082 | _a891.43 | ||
| 100 |
_aTrilokinath Sribastab, _eEditor. |
||
| 245 |
_aTulsidas : _bek bishesh adhyayan / _cBy Trilokinath Sribastab . |
||
| 260 |
_aAgra: _bHaris prakashan mandir. |
||
| 653 | _aHindi literature | ||
| 700 |
_aGanga Sahay Premi, _eEditor. |
||
| 942 | _cBK | ||
| 999 |
_c9967 _d9967 |
||